Zákon č. 68/2008 Z.z. z 15. februára 2008 ...

Zákon č. 68/2008 Z.z. o úhrade za služby verejnosti poskytované Slovenskou televíziou a Slovenským rozhlasm a o zmene a doplnení niektorých zákonov. Za úplným znením zákona nasleduje Dôvodová správa k tomuto zákonu.

Gespeichert in:
Bibliographische Detailangaben
Format: Buchkapitel
Sprache:Slowakisch
Schlagworte:
Tags: Tag hinzufügen
Keine Tags, Fügen Sie das erste Tag hinzu!

MARC

LEADER 00000naa$a2200000$$$4500
001 0073049
005 20231106073722.1
041 0 |a slo 
044 |a SK 
245 1 0 |a Zákon č. 68/2008 Z.z. z 15. februára 2008 ... 
520 |a Zákon č. 68/2008 Z.z. o úhrade za služby verejnosti poskytované Slovenskou televíziou a Slovenským rozhlasm a o zmene a doplnení niektorých zákonov. Za úplným znením zákona nasleduje Dôvodová správa k tomuto zákonu. 
610 2 0 |a televízia 
610 2 0 |a rozhlas 
610 2 0 |a Slovensko 
610 2 0 |a zákony 
610 2 0 |a 2008 
610 2 0 |a správy dôvodové